• 首页
  • 本馆介绍
  • 公告通知
  • 最新文献
  • 馆藏检索
  • 电子资源
  • 读者导购
  • 参考咨询
  • 我的图书馆
  • 登录
  • 详细信息显示
  • 放入我的书架
  • 预约/预借图书
  • 作者相关作品
  • 分类相关作品
  • 丛书相关作品
  • 出版社相关作品

书目信息

  • 表格格式
  • 工作单格式
  • 卡片格式
题名:
本色·传统·使命
    
 
作者: 工人阶级常识读本编写组编
分册:  
出版信息: 北京   工人出版社  1983
页数: 181页
开本: 19cm
丛书名:
单 册:
中图分类: D412.62
科图分类:
主题词: 工人运动 , 工人群众组织 , 无产阶级--基本知识--中国
电子资源:
ISBN:
000 00665nam0 2200241 45
001 0183002783
005 20060728145404.59
010    @dCNY0.45
091    @a7007.100
100    @a19950615d1983 em y0chiy0121 ea
101 0  @achi
102    @aCN@b110000
105    @ay z 000yy
200 10 @a本色·传统·使命@Aben se· chuan tong· shi ming@e工人阶级常识读本@f工人阶级常识读本编写组编
210    @a北京@c工人出版社@d1983
215    @a181页@d19cm
606 0  @a工人运动
606 0  @a工人群众组织
606    @a无产阶级@x基本知识@y中国
690    @aD412.62
801  2 @aCN@bNLC@c20060728
801  0 @aCN@b上海图书馆@c20060728
905    @f1@b97052@dD412.62@e4
    
    本色·传统·使命:工人阶级常识读本/工人阶级常识读本编写组编.-北京:工人出版社,1983
    181页;19cm
    
    
    ISBN :CNY0.45
    
●
相关链接 在E读中查询图书 在五车中查询图书 在当当中查询图书 在豆瓣中查询图书


正题名:本色·传统·使命     索取号:D412.62/4         预约/预借

序号 登录号 条形码 馆藏地/架位号 状态 备注
1 0097051   001763782   密集书库/ [索取号:D412.62/4] 在馆    
2 0097052   000380689   第一样本阅览室/ [索取号:D412.62/4] 在馆    
3 0097053   001763746   密集书库/ [索取号:D412.62/4] 在馆    
4 0426373   204263732   密集书库/ [索取号:D412.62/4] 在馆    
5 0440280   204402805   密集书库/ [索取号:D412.62/4] 在馆    
6 0440445   204404457   密集书库/ [索取号:D412.62/4] 在馆    
唐山师范学院图书馆 欢迎您!
大连网信软件有限公司© 版权所有